Memòria 1990-1992: patrimoni, memòria o malson?

Uloženo v:
Podrobná bibliografie
Hlavní autor: González Moreno-Navarro, Antoni (Autor)
Médium: Kniha
Jazyk:katalánština
španělština
Vydáno: Barcelona Diputació de Barcelona 1995
Vydání:1a. ed
Témata:
Tagy: Přidat tag
Žádné tagy, Buďte první, kdo vytvoří štítek k tomuto záznamu!

MARC

LEADER 00000nam a2200000 a 4500
001 UCK0735
003 CL-VaPUC
008 041022e19951116SP |||||||||||||||||cat|d
020 |a 8477944059 
041 0 7 |a cat  |2 CL-VaPUC 
041 0 7 |a spa  |2 CL-VaPUC 
082 0 4 |a 720.288  |b GON  |2 21 
100 |a González Moreno-Navarro, Antoni  |e author  |9 488825 
245 1 0 |a Memòria 1990-1992: patrimoni, memòria o malson? 
246 1 0 |a Memoria 1990-1992: Patrimonio, memoria o pesadilla? 
250 |a 1a. ed 
300 |a 246 p 
942 |c BK 
945 |d 20041022 00:00:00  |a vberengu 
260 |a Barcelona  |b Diputació de Barcelona  |c 1995 
650 0 |a Patrimonio arquitectónico  |9 488599 
650 0 |a Arquitectura  |9 804558 
650 7 |a CONSERVACION Y RESTAURACION  |2 CL-VaPUC  |9 267543 
583 |a last modification  |c 20041022 00:00:00  |k Rodrigo Vera 
999 |c 311008  |d 311006 
952 |0 0  |1 0  |4 0  |6 720_288000000000000_GON_1995  |7 0  |8 A  |9 380183  |a BIBARQ  |b BIBARQ  |d 2019-11-21  |i 4072677  |o 720.288 GON 1995  |p 4072677  |r 2025-01-20  |w 2019-11-21  |y BK  |k ARQ